Agatha All Along Quiz (SPOILERS) - Statistics

General Stats
  • This quiz has been taken 31 times
  • The average score is 7 of 12
Answer Stats
Actor Role % Correct
Kathryn Hahn Agatha Harkness
100%
Aubrey Plaza Rio Vidal/Death
100%
Joe Locke Billy Maximoff (William Kaplan)
97%
Debra Jo-Rupp Sharon Davis
93%
Ali Ahn Alice Wu-Gulliver
87%
Sasheer Zamata Jennifer Kale
87%
Patti LuPone Lilia Calderu
80%
Evan Peters Ralph Bohner
30%
David A. Payton John Collins
13%
Paul Adelstein Jeff Kaplan
10%
Maria Dizzia Rebecca Kaplan
10%
Miles Gutierrez-Riley Eddie
7%
No matching quizzes found
Score Distribution
Percent of People with Each Score
Percentile by Number Answered
Your Score History
You have not taken this quiz